NBA Équipe - Statistiques

Statistiques générales
  • Ce quiz a été pris 226 fois
  • Le résultat moyen est 24 sur 30
Statistiques - réponses
Teams Réponse % Correct
Pacifique Los Angeles Lakers
99%
Atlantique Boston Celtics
92%
Pacifique Golden State Warriors
92%
Sud Ouest San Antonio Spurs
92%
Atlantique New York Knicks
88%
Pacifique Los Angeles Clippers
87%
Centrale Chicago Bulls
85%
Nord Ouest Denver Nuggets
85%
Sud Est Miami Heat
85%
Centrale Milwaukee Bucks
82%
Sud Est Charlotte Hornets
81%
Sud Ouest Dallas Mavericks
81%
Atlantique Brooklyn Nets
80%
Centrale Detroit Pistons
79%
Centrale Cleveland Cavaliers
78%
Sud Ouest Houston Rockets
78%
Nord Ouest Minnesota Timberwolves
77%
Atlantique Toronto Raptors
77%
Sud Est Orlando Magics
76%
Pacifique Phoenix Suns
76%
Sud Est Washington Wizards
76%
Sud Est Atlanta Hawks
75%
Nord Ouest Utah Jazz
75%
Centrale Indiana Pacers
74%
Sud Ouest Memphis Grizzlies
74%
Nord Ouest Oklahoma City Thunder
73%
Atlantique Philadelphia 76ers
73%
Pacifique Sacramento Kings
73%
Sud Ouest New Orleans Pelicans
65%
Nord Ouest Portland Trail Blazers
62%
Aucun quiz correspondant
Distribution des résultats
% des personnes avec chaque résultat
Percentile par nombre de réponses
Votre historique - résultats
Vous n’avez pas pris ce quiz